LIBRARY & INFORMATION CENTRE, KCAET, TAVANUR

ONLINE PUBLIC ACCESS CATALOGUE (OPAC)

Development of a water balance model for hill slopes (Record no. 15235)

MARC details
000 -LEADER
fixed length control field 00624nam a22001937a 4500
003 - CONTROL NUMBER IDENTIFIER
control field OSt
088 ## - REPORT NUMBER
Report number P 100
100 ## - MAIN ENTRY--AUTHOR NAME
Personal name MANJULA UNNIKRISHNAN
245 ## - TITLE STATEMENT
Title Development of a water balance model for hill slopes
260 ## - PUBLICATION, DISTRIBUTION, ETC. (IMPRINT)
Place of publication Tavanur 2000
Name of publisher Kelappaji College of Agricultural Engineering and Technology
300 ## - PHYSICAL DESCRIPTION
Number of Pages 73
500 ## - GENERAL NOTE
General note Development of a water balance model for hill slopes
520 ## - SUMMARY, ETC.
Summary, etc Development of a water balance model for hill slopes
700 ## - ADDED ENTRY--PERSONAL NAME
Personal name Shamla Rasheed
700 ## - ADDED ENTRY--PERSONAL NAME
Personal name Sindhu T. V
700 ## - ADDED ENTRY--PERSONAL NAME
Personal name Dr. Noble Abraham (Guide)
942 ## - ADDED ENTRY ELEMENTS (KOHA)
Koha item type Project Report
Holdings
Collection code Home library Current library Shelving location Full call number Accession Number Koha item type
Reference KAUAET KAUAET Reference 631.75807 MAN/DE P 100 Project Report
free website counter